000 00671nam a2200241Ia 4500
003 OSt
005 20220918221307.0
006 a|||||r|||| 00| 0
007 ta
008 220917b |||||||| |||| 00| 0 eng d
024 _a149,226
037 _cTextual
040 _aARTS
_cARTS
_beng
041 _2eng
_aeng
082 _aT:855, H7;1
100 _aTraxler Arthur E
245 0 _aTechniques of guidance
_b tests, records, and counseling in a guidance program
260 _c1947
490 _aEducation for living series ed by H H Remmers
650 _aEDUCATION
942 _hT:855, H7;1
_cTEXL
_2CC
999 _c271895
_d271895